Governos de esquerda na América Latina e a perspectiva da política externa dos EUA
Kaydedildi:
| Yazar: | |
|---|---|
| Materyal Türü: | Kitap |
| Dil: | Spanish |
| Etiketler: |
Etiketle
Etiket eklenmemiş, İlk siz ekleyin!
|
MARC
| LEADER | 00000nam a22000007a 4500 | ||
|---|---|---|---|
| 003 | cru CIDCACS/IIS | ||
| 005 | 20180829112157.0 | ||
| 008 | 180829b2008 CR ||||| |||| 00| 0 spa d | ||
| 999 | |c 41603 |d 41603 | ||
| 040 | |c cru CIDCACS/IIS | ||
| 090 | |a 05.05.01 U58p | ||
| 100 | 1 | |9 7554 |a Ayerbe, Luis Fernando | |
| 245 | |a Governos de esquerda na América Latina e a perspectiva da política externa dos EUA |c Luis Fernando Ayerbe | ||
| 773 | 0 | |0 7075 |9 1178 |d Brasil : UNESP |o 07465 |t Perspectivas: |w (cru CIDCACS/IIS)49130 |x [sin ISBN] |z [sin ISBN] | |
| 942 | |2 ddc |c LI | ||
